logo

Bir Sreshtho Munshi Abdur Rouf Library
Jhenaidah Cadet College

National's Favorite Dictionary : (Record no. 5994)

MARC details
000 -LEADER
fixed length control field 00581nam a2200217 a 4500
001 - CONTROL NUMBER
JCCL Control Number 5994
003 - CONTROL NUMBER IDENTIFIER
JCCL marc code BD-JhCC
005 - DATE AND TIME OF LATEST TRANSACTION
control field 20180101181502.0
008 - FIXED-LENGTH DATA ELEMENTS--GENERAL INFORMATION
fixed length control field 171231s1972 bg |||| ||a| 00| 0 mul d
035 ## - SYSTEM CONTROL NUMBER
system control number (BD-JhCC)5994
040 ## - CATALOGING SOURCE
Original cataloging agency BD-JhCC
Modifying agency BD-JhCC
041 ## - LANGUAGE CODE
Language code of Book eng and ben
082 ## - DEWEY DECIMAL CLASSIFICATION NUMBER
Classification number 491.4415
Author mark and Year NAT 1972
245 ## - TITLE STATEMENT
Title National's Favorite Dictionary :
Remainder of title Bengali to English /
Statement of responsibility, etc edited by Abdur Rahim
260 ## - PUBLICATION, DISTRIBUTION, ETC. (IMPRINT)
Place of publication, distribution, etc Dhaka :
Name of publisher, distributor, etc National Publishers,
Date of publication, distribution, etc 1972.
300 ## - PHYSICAL DESCRIPTION
Pagination 1269 p. :
Dimensions 18 cm.
650 ## - SUBJECT ADDED ENTRY--TOPICAL TERM
Topical term or geographic name as entry element Dictionary
700 ## - ADDED ENTRY--PERSONAL NAME
Personal name Rahim, Abdur
942 ## - ADDED ENTRY ELEMENTS (KOHA)
Source of classification or shelving scheme Dewey Decimal Classification
Koha item type Books
Holdings
Source of classification or shelving scheme Damaged status Not for loan Home library Current library Shelving location Date of accession Total Checkouts Full call number Barcode Date last seen Copy number Koha item type
Dewey Decimal Classification     JCC Rouf Library JCC Rouf Library General Stacks 12/31/2017   491.4415 NAT 1972 7666 12/31/2017 C - 1 Books

JCC Library | Contacts | JCC Home

Last Update on 23 September 2017
Copyright @ 2017-2020 JCC Rouf Library
Rouf Library, Jhenidah Cadet College (JCC), Bangladesh